| 000 | 00712nas a2200253 4500 | ||
|---|---|---|---|
| 001 | BR0101903 | ||
| 003 | BR-BrBNA | ||
| 005 | 20231205102218.0 | ||
| 007 | ta | ||
| 008 | 230509b bl.|||p| |||| 00| 00por d | ||
| 040 |
_aBR-BrBNA _bpor _cBiblioteca Nacional de Agricultura |
||
| 041 | _a(Pt) | ||
| 072 | _aL70 | ||
| 100 | 1 | _aDerossi, R. | |
| 100 | 1 | _aZuccari, C.E.S.N. | |
| 100 | 1 | _aSegura, I.A.G. de | |
| 245 | 1 | _aUso clinico da quetamina epidural em equinos | |
| 650 | _aEgua | ||
| 650 | _aCirurgia | ||
| 650 | _aAnestesia | ||
| 773 | 0 |
_tHora Veterinaria (Brazil) _xISSN 0101-9163 _g(Jul-Aug 2000), v. 20(116) p. 33-35 _wBR0101903 |
|
| 909 |
_a202311 _bLúcia _c55 _dLúcia Elande |
||
| 942 |
_2AGRIS _n0 _cANA |
||
| 999 |
_c166335 _d166335 |
||